| 000 | 00361nam a22001217a 4500 | ||
|---|---|---|---|
| 003 | OSt | ||
| 005 | 20250210094407.0 | ||
| 008 | 250210b |||||||| |||| 00| 0 eng d | ||
| 040 | _c | ||
| 082 | _a133.50954/DUT | ||
| 245 |
_aKiro Yanchay Hasta Mudrick shastra _cDutta Kulkarni _hMarati |
||
| 942 |
_2ddc _cBK _h133.50954 _iDUT _k133.50954 _mDUT _n0 |
||
| 999 |
_c36116 _d36116 |
||